Dân chủ là của quý báu nhất của nhân dân : Tài liệu tuyên truyền quy chế thực hiện dân chủ xã
Cuốn sách này nhằm giúp các bạn nâng cao hiểu biết và làm đúng quy chế thực hiện dân chủ ở xã do chính phủ ban hành theo nghị định số 79/2003 - CP ngày 07/7/2003.
Guardado en:
| Formato: | Libro |
|---|---|
| Lenguaje: | Undetermined |
| Publicado: |
Hà Nội
Lao động - Xã hội
2006
|
| Materias: | |
| Etiquetas: |
Agregar Etiqueta
Sin Etiquetas, Sea el primero en etiquetar este registro!
|
| Thư viện lưu trữ: | Trung tâm Học liệu Trường Đại học Cần Thơ |
|---|
| LEADER | 01052nam a2200205Ia 4500 | ||
|---|---|---|---|
| 001 | CTU_178774 | ||
| 008 | 210402s9999 xx 000 0 und d | ||
| 082 | |a 323.09597 | ||
| 082 | |b D121 | ||
| 245 | 0 | |a Dân chủ là của quý báu nhất của nhân dân : | |
| 245 | 0 | |b Tài liệu tuyên truyền quy chế thực hiện dân chủ xã | |
| 245 | 0 | |c Trung tâm Hỗ trợ giáo dục và Nâng cao năng lực cho phụ nữ (CEPEW) | |
| 260 | |a Hà Nội | ||
| 260 | |b Lao động - Xã hội | ||
| 260 | |c 2006 | ||
| 520 | |a Cuốn sách này nhằm giúp các bạn nâng cao hiểu biết và làm đúng quy chế thực hiện dân chủ ở xã do chính phủ ban hành theo nghị định số 79/2003 - CP ngày 07/7/2003. | ||
| 650 | |a Human rights,Civil rights,Quyền con người,Quyền công dân | ||
| 650 | |z Vietnam,Vietnam,Việt Nam,Việt Nam | ||
| 904 | |i Trọng Hiếu | ||
| 980 | |a Trung tâm Học liệu Trường Đại học Cần Thơ | ||